000 00485nam a2200181Ia 4500
001 20688
005 20260306172824.0
008 260306t2023||||xx |||||||||||||| ||spa||
041 _aESP
082 _a343.6
_bR738A
100 _aRetamozo Linares, Alberto
_eAUT
245 0 _aLey de contrataciones del estado y su reglamento con las últimas modificaciones
260 _c2023
300 _a719 páginas :
_c25 cm.
650 _aGEN
654 _aCDE
942 _cLIB
_dJUS
_fJUS
_2ddc
_n
999 _c20688
_d20688